000 00490nam a2200181Ia 4500
005 20250508160223.0
008 008 250505s9999 xx 000 0 eng d
037 _aTextual
040 _aFEDL
_beng
_cFEDL
041 _aeng
_2eng
084 _a301.24, FAB
_qFEDL
100 _aFabun Don
_9131934
245 0 _aDynamics of change
260 _aEnglewood Cliffs
_b Prentice-Hall
_c1968
650 _aSociology
942 _cTEXL
_h301.24, FAB
999 _c1362764
_d1362764